00437nam a2200181Ia 4500008004100000020001800041050001400059100001700073245001800090245004800108260001500156260001600171260000900187300001400196300002700210300001000237500000800247170918s9999 xx 000 0 und d a9780439812146 bW873 1996 aWood, Audrey 4aThe bunyans / cAudrey Wood ; illustrated by David Shannon. aNew York : bScholastic, c1996 aunpaged : bcolored illustration ; c26cm. a980